Представление документа в формате MARC21

Поле Инд. ПП Название Значение
Тип записи a
Библиографический уровень b
001 Контрольный номер RU/IS/BASE/141481616
005 Дата корректировки 20200522190706.7
084 a Индекс другой классификации/Индекс ББК 66.01; 66.1(Рос)-21; 60.000.3
100 1_ a Автор Соловьев Э. Г.
245 a Заглавие Эсхатология больших пространств: о некоторых особенностях праворадикальной геополитической рефлексии
245 b Продолж. заглавия (неоевразийство А. Дугина и "элементов")
504 a Библиография Библиогр. ссылки
650 a Основная рубрика история политических учений
a Основная рубрика политика
a Основная рубрика политическая философия (философия политики)
a Основная рубрика социальная философия
a Основная рубрика философия
653 a Ключевые слова геополитика
a Ключевые слова дуализм
a Ключевые слова евразийство
a Ключевые слова национализм
a Ключевые слова национальное самосознание
a Ключевые слова национальное сознание
a Ключевые слова нация
a Ключевые слова неоевразийство
a Ключевые слова русский национализм
a Ключевые слова талассократическая цивилизация
a Ключевые слова теллурическое человечество
a Ключевые слова цивилизация
773 t Заглавие источника Вестник Московского университета. Серия 18, Социология и политология
d Дата издания источника 2001
g Прочая информация № 2. - С. 63 - 77
w Контрольный № источника RU/IS/BASE/148578705
901 t Тип документа b